000 00802cam a22001934a 4500
005 20250605163934.0
008 250528s ||||||||||||||||||||||||d
035 _a14798
020 _a91389216
040 _aGR-AtMCL
_bgre
_dGR-AtMCL
_eAACR2
245 1 _aPolitical Sociology
260 _bHutchinson,
_c1984
300 _a176
520 _aAn essential reading for all students of sociology and politics. Introduction, Democracy and Social Classes, Social Movements and Parties and Political Action, Types of Political System, Political Change and Conflict, The Formation of New Nations: Nationalism and Development, Global Politics in the Twentieth Century, Notes and References, Bibliography, Index.
700 1 _aBottomore Tom
_9561
942 _cBK
999 _c414
_d414